[Event "Wch Blitz 2nd"]
[Site "Moscow"]
[Date "2007.11.21"]
[Round "12"]
[White "Savchenko, Boris"]
[Black "Kamsky, Gata"]
[Result "1/2-1/2"]
[WhiteElo "2583"]
[BlackElo "2714"]
[PlyCount "143"]
[EventDate "2007.11.21"]
[EventType "tourn (blitz)"]
[EventRounds "38"]
[EventCountry "RUS"]
[EventCategory "19"]
[SourceTitle "EXT 2008"]
[Source "ChessBase"]
[SourceDate "2007.11.25"]
[SourceVersion "1"]
[SourceVersionDate "2007.11.25"]
[SourceQuality "1"]

1. e4 c5 2. Nf3 e6 3. d4 cxd4 4. Nxd4 a6 5. g3 b5 6. a4 b4 7. Bg2 Bb7 8. O-O
Nc6 9. Be3 Nf6 10. Nd2 Rc8 11. Nc4 Nb8 12. b3 Bxe4 13. Bxe4 Nxe4 14. Qh5 Nf6
15. Qe2 d5 16. Ne5 Bd6 17. Bg5 Bxe5 18. Qxe5 Nbd7 19. Qe2 a5 20. Qb5 Rc5 21.
Qb7 Qc8 22. Nb5 Ne4 23. Qa7 Rxb5 24. axb5 Nxg5 25. b6 O-O 26. b7 Qxc2 27. Rfc1
Nf3+ 28. Kg2 Qe4 29. Qe3 Nh4+ 30. Kh3 Qxe3 31. fxe3 Nf5 32. Rc7 Nb8 33. Rxa5
Nd6 34. Ra8 Nxb7 35. Rxb7 Nc6 36. Rxf8+ Kxf8 37. Rb6 Ne5 38. Rxb4 Ke7 39. Rb6
Kd7 40. Kg2 Kc7 41. Ra6 Kb7 42. Ra4 Kb6 43. Kf2 h5 44. Ke2 Kb5 45. h3 g6 46.
Rd4 Nc6 47. Rf4 f5 48. Kd2 e5 49. Rf1 d4 50. Re1 e4 51. exd4 Nxd4 52. Kc3 Nf3
53. Rf1 g5 54. Rd1 e3 55. Kd3 f4 56. gxf4 gxf4 57. Rf1 Ne5+ 58. Ke2 Ng6 59. Rg1
Ne7 60. Kf3 Nd5 61. Rg5 Kc5 62. Rxh5 Kd4 63. Rh8 Nb4 64. Rd8+ Kc3 65. h4 Nc2
66. h5 Nd4+ 67. Rxd4 Kxd4 68. h6 Kd3 69. h7 e2 70. h8=Q e1=Q 71. Qd8+ Kc2 72.
Qc7+ 1/2-1/2

[Event "Wch Blitz 2nd"]
[Site "Moscow"]
[Date "2007.11.21"]
[Round "14"]
[White "Kamsky, Gata"]
[Black "Kramnik, Vladimir"]
[Result "1/2-1/2"]
[WhiteElo "2714"]
[BlackElo "2785"]
[PlyCount "134"]
[EventDate "2007.11.21"]
[EventType "tourn (blitz)"]
[EventRounds "38"]
[EventCountry "RUS"]
[EventCategory "19"]
[SourceTitle "EXT 2008"]
[Source "ChessBase"]
[SourceDate "2007.11.25"]
[SourceVersion "1"]
[SourceVersionDate "2007.11.25"]
[SourceQuality "1"]

1. e4 e5 2. Nf3 Nc6 3. Bb5 Nf6 4. d3 Bc5 5. O-O d6 6. Bxc6+ bxc6 7. Be3 Bb6 8.
Nbd2 O-O 9. h3 h6 10. a4 Nh7 11. a5 Bxe3 12. fxe3 f5 13. b4 fxe4 14. Nxe4 Nf6
15. Ng3 Rb8 16. Qd2 Qe7 17. e4 Be6 18. Qc3 Rb5 19. d4 exd4 20. Nxd4 Rg5 21.
Nxc6 Qd7 22. e5 dxe5 23. Nxe5 Qd6 24. Rae1 Re8 25. Rxf6 gxf6 26. Ne4 Qf8 27.
Nxg5 hxg5 28. Nc6 Bd5 29. Rxe8 Qxe8 30. Nd4 Qe4 31. Qd2 Qe5 32. c3 c6 33. Kf2
Kf7 34. Qd3 Qf4+ 35. Nf3 Bxf3 36. Qxf3 Qd2+ 37. Kg1 Qe1+ 38. Kh2 Qe5+ 39. Qg3
Qe7 40. Kg1 Kg6 41. Qd3+ Kg7 42. Kf2 Qc7 43. Qd4 Kg6 44. c4 f5 45. g3 Qe7 46.
b5 cxb5 47. cxb5 Qa3 48. b6 Qa2+ 49. Ke3 Qa3+ 50. Ke2 Qa2+ 51. Kd1 Qb1+ 52. Kd2
Qa2+ 53. Kd3 Qa3+ 54. Kc2 Qa2+ 55. Qb2 Qc4+ 56. Qc3 Qa2+ 57. Kc1 axb6 58. axb6
Qd5 59. Kb2 f4 60. gxf4 gxf4 61. Qb4 Qe5+ 62. Kb3 Qd5+ 63. Ka4 Qd1+ 64. Ka5
Qd5+ 65. Qb5 Qxb5+ 66. Kxb5 f3 67. b7 f2 1/2-1/2

[Event "Wch Blitz 2nd"]
[Site "Moscow"]
[Date "2007.11.21"]
[Round "16"]
[White "Kamsky, Gata"]
[Black "Bacrot, Etienne"]
[Result "1-0"]
[WhiteElo "2714"]
[BlackElo "2695"]
[PlyCount "65"]
[EventDate "2007.11.21"]
[EventType "tourn (blitz)"]
[EventRounds "38"]
[EventCountry "RUS"]
[EventCategory "19"]
[SourceTitle "EXT 2008"]
[Source "ChessBase"]
[SourceDate "2007.11.25"]
[SourceVersion "1"]
[SourceVersionDate "2007.11.25"]
[SourceQuality "1"]

1. d4 d5 2. Nf3 c6 3. Bf4 Bg4 4. Nbd2 Nd7 5. h3 Bh5 6. e3 Ngf6 7. c4 e6 8. Qb3
b5 9. cxb5 c5 10. Ne5 Nxe5 11. Bxe5 Nd7 12. Be2 Bxe2 13. Kxe2 Nxe5 14. dxe5 Qa5
15. a4 Be7 16. Qc3 Qb6 17. Rhc1 O-O 18. Nb3 c4 19. Nd4 a6 20. a5 Qc7 21. b6
Qxe5 22. b3 Rac8 23. bxc4 Rxc4 24. Qd3 Rfc8 25. Rxc4 dxc4 26. Qc3 Qd5 27. g4
Bf6 28. Rb1 h5 29. Rb4 hxg4 30. hxg4 Qxa5 31. b7 Rb8 32. Qxc4 Qd8 33. Nc6 1-0

[Event "Wch Blitz 2nd"]
[Site "Moscow"]
[Date "2007.11.21"]
[Round "17"]
[White "Ponomariov, Ruslan"]
[Black "Kamsky, Gata"]
[Result "1-0"]
[WhiteElo "2705"]
[BlackElo "2714"]
[PlyCount "73"]
[EventDate "2007.11.21"]
[EventType "tourn (blitz)"]
[EventRounds "38"]
[EventCountry "RUS"]
[EventCategory "19"]
[SourceTitle "EXT 2008"]
[Source "ChessBase"]
[SourceDate "2007.11.25"]
[SourceVersion "1"]
[SourceVersionDate "2007.11.25"]
[SourceQuality "1"]

1. d4 d5 2. c4 c6 3. Nf3 Nf6 4. Nc3 a6 5. a4 e6 6. Bg5 Nbd7 7. Qc2 Qa5 8. cxd5
cxd5 9. e3 Ne4 10. Bd3 Nxg5 11. Nxg5 g6 12. O-O Be7 13. f4 Nf6 14. Nf3 Bd7 15.
Ne5 Rc8 16. Qe2 Bc6 17. g4 Nd7 18. Nf3 Bb4 19. f5 exf5 20. gxf5 O-O 21. Qg2 Kg7
22. Ng5 Rce8 23. Nxh7 Rxe3 24. Nxf8 Nxf8 25. fxg6 fxg6 26. Rf3 Rxf3 27. Qxf3
Bxc3 28. bxc3 Qxc3 29. Rf1 Qxd4+ 30. Kh1 Nh7 31. Qf7+ Kh8 32. Qxg6 Qg7 33. Qe6
d4+ 34. Be4 Bxe4+ 35. Qxe4 Ng5 36. Qh4+ Kg8 37. Rg1 1-0

[Event "Wch Blitz 2nd"]
[Site "Moscow"]
[Date "2007.11.21"]
[Round "18"]
[White "Kamsky, Gata"]
[Black "Karpov, Anatoly"]
[Result "1-0"]
[WhiteElo "2714"]
[BlackElo "2670"]
[PlyCount "53"]
[EventDate "2007.11.21"]
[EventType "tourn (blitz)"]
[EventRounds "38"]
[EventCountry "RUS"]
[EventCategory "19"]
[SourceTitle "EXT 2008"]
[Source "ChessBase"]
[SourceDate "2007.11.25"]
[SourceVersion "1"]
[SourceVersionDate "2007.11.25"]
[SourceQuality "1"]

1. d4 Nf6 2. Nf3 e6 3. Bf4 c5 4. e3 b6 5. h3 Be7 6. Nbd2 cxd4 7. exd4 O-O 8. c3
Ba6 9. Bxa6 Nxa6 10. a4 Qc8 11. Ne5 Qb7 12. Qf3 Qxf3 13. Ndxf3 Rfc8 14. Ke2 Nd5
15. Bh2 f6 16. Nd3 Nac7 17. Nd2 Ne8 18. Rhe1 a6 19. c4 Nb4 20. Rec1 d5 21. b3
Kf7 22. Nf3 h6 23. a5 bxa5 24. Rxa5 Nc6 25. Ra2 a5 26. cxd5 exd5 27. Rxc6 1-0

[Event "Wch Blitz 2nd"]
[Site "Moscow"]
[Date "2007.11.22"]
[Round "20"]
[White "Gelfand, Boris"]
[Black "Kamsky, Gata"]
[Result "1-0"]
[WhiteElo "2736"]
[BlackElo "2714"]
[PlyCount "101"]
[EventDate "2007.11.21"]
[EventType "tourn (blitz)"]
[EventRounds "38"]
[EventCountry "RUS"]
[EventCategory "19"]
[SourceTitle "EXT 2008"]
[Source "ChessBase"]
[SourceDate "2007.11.25"]
[SourceVersion "1"]
[SourceVersionDate "2007.11.25"]
[SourceQuality "1"]

1. d4 d5 2. c4 c6 3. Nc3 Nf6 4. Nf3 Qb6 5. e3 Bg4 6. h3 Bxf3 7. Qxf3 e6 8. Bd3
Nbd7 9. O-O Bb4 10. Qd1 O-O 11. a3 Bxc3 12. bxc3 Qc7 13. a4 Nb6 14. c5 Nbd7 15.
c4 b6 16. cxd5 cxd5 17. cxb6 Nxb6 18. Ba3 Rfb8 19. Rc1 Qd8 20. Qe2 Ne4 21. a5
Nd7 22. Bxe4 dxe4 23. Qa6 Nf6 24. Bd6 Rb2 25. Rc6 h6 26. Rfc1 Kh7 27. Rc8 Rxc8
28. Rxc8 Qd7 29. Qc6 Qxc6 30. Rxc6 Nd5 31. Bc5 Ra2 32. Ra6 f5 33. Rxa7 f4 34.
exf4 Nxf4 35. Bf8 Ne2+ 36. Kh2 Nxd4 37. Rxg7+ Kh8 38. Rd7 Nf5 39. Bb4 e3 40.
fxe3 Nxe3 41. Rd2 Ra4 42. Bc3+ Kg8 43. Re2 Nd5 44. Be1 Kf7 45. Kg3 h5 46. Kf3
Ra3+ 47. Ke4 Nf6+ 48. Kd4 Nd5 49. Kc5 Nf4 50. Rf2 Kg6 51. Rxf4 1-0

[Event "Wch Blitz 2nd"]
[Site "Moscow"]
[Date "2007.11.22"]
[Round "25"]
[White "Kamsky, Gata"]
[Black "Shirov, Alexei"]
[Result "1-0"]
[WhiteElo "2714"]
[BlackElo "2739"]
[PlyCount "85"]
[EventDate "2007.11.21"]
[EventType "tourn (blitz)"]
[EventRounds "38"]
[EventCountry "RUS"]
[EventCategory "19"]
[SourceTitle "EXT 2008"]
[Source "ChessBase"]
[SourceDate "2007.11.25"]
[SourceVersion "1"]
[SourceVersionDate "2007.11.25"]
[SourceQuality "1"]

1. e4 c5 2. Nf3 Nc6 3. d4 cxd4 4. Nxd4 Nf6 5. Nc3 e5 6. Ndb5 d6 7. Bg5 a6 8.
Na3 b5 9. Nd5 Be7 10. Bxf6 Bxf6 11. c3 O-O 12. Nc2 Bg5 13. Be2 Bb7 14. Nce3
Bxe3 15. Nxe3 Ne7 16. Bf3 g6 17. O-O f5 18. exf5 Bxf3 19. Qxf3 gxf5 20. Rad1 f4
21. Nd5 Ng6 22. Qh3 f3 23. g3 Kh8 24. Rfe1 Rc8 25. Qh5 Rc4 26. Re3 Nh4 27. b3
Rf5 28. Qh6 Rg4 29. Kh1 Ng2 30. Red3 e4 31. Rd4 Rg6 32. Qh3 Re5 33. Nf4 Nxf4
34. gxf4 Ree6 35. f5 Rh6 36. Qg3 Re8 37. Rxd6 Rxd6 38. Rxd6 Qc8 39. f6 Rg8 40.
Qe5 Re8 41. Qd4 Kg8 42. Qd5+ Kf8 43. Rd7 1-0

[Event "Wch Blitz 2nd"]
[Site "Moscow"]
[Date "2007.11.22"]
[Round "26"]
[White "Leko, Peter"]
[Black "Kamsky, Gata"]
[Result "1/2-1/2"]
[WhiteElo "2755"]
[BlackElo "2714"]
[PlyCount "94"]
[EventDate "2007.11.21"]
[EventType "tourn (blitz)"]
[EventRounds "38"]
[EventCountry "RUS"]
[EventCategory "19"]
[SourceTitle "EXT 2008"]
[Source "ChessBase"]
[SourceDate "2007.11.25"]
[SourceVersion "1"]
[SourceVersionDate "2007.11.25"]
[SourceQuality "1"]

1. e4 c5 2. Nf3 e6 3. d4 cxd4 4. Nxd4 a6 5. Bd3 Bc5 6. Nb3 Ba7 7. O-O d6 8. Qg4
Qf6 9. Qg3 e5 10. Nc3 Be6 11. Kh1 Qg6 12. Qh4 Nf6 13. f4 Qh5 14. Qxh5 Nxh5 15.
f5 Bxb3 16. axb3 Nf6 17. Be2 h6 18. g4 Nbd7 19. Kg2 Bd4 20. Nb5 Ke7 21. Nxd4
exd4 22. Ra4 Rac8 23. Bd3 Nc5 24. Rxd4 Nxd3 25. cxd3 Nxg4 26. Bf4 Rhd8 27. Kg3
Ne5 28. Rf2 Rc5 29. Bd2 Rb5 30. b4 f6 31. Re2 Kf7 32. Bc3 Nc6 33. Rc4 d5 34.
Rc5 Rxc5 35. bxc5 dxe4 36. dxe4 Rd3+ 37. Kf4 h5 38. Re3 Rxe3 39. Kxe3 g5 40. h3
Ke7 41. Kd3 Kf7 42. Kc4 Ne7 43. Be1 Ke8 44. b4 Nc6 45. Bc3 Ke7 46. Kd3 Kf7 47.
Kc4 Ke7 1/2-1/2

[Event "Wch Blitz 2nd"]
[Site "Moscow"]
[Date "2007.11.22"]
[Round "28"]
[White "Grischuk, Alexander"]
[Black "Kamsky, Gata"]
[Result "1/2-1/2"]
[WhiteElo "2715"]
[BlackElo "2714"]
[PlyCount "113"]
[EventDate "2007.11.21"]
[EventType "tourn (blitz)"]
[EventRounds "38"]
[EventCountry "RUS"]
[EventCategory "19"]
[SourceTitle "EXT 2008"]
[Source "ChessBase"]
[SourceDate "2007.11.25"]
[SourceVersion "1"]
[SourceVersionDate "2007.11.25"]
[SourceQuality "1"]

1. e4 c5 2. Nf3 e6 3. d4 cxd4 4. Nxd4 a6 5. Nc3 b5 6. Bd3 Qb6 7. Nf3 Nc6 8. O-O
Nge7 9. Re1 Ng6 10. e5 Bb7 11. Qe2 Be7 12. Be4 Rc8 13. a3 Na5 14. Be3 Qc7 15.
Bd4 Nc6 16. Rad1 O-O 17. h4 h6 18. g3 Nxd4 19. Rxd4 Bc5 20. Rd3 f5 21. exf6
Qxg3+ 22. Kh1 Bxf2 23. Nh2 Qxh4 24. Bxb7 Nf4 25. Qg4 Qxg4 26. Nxg4 Bxe1 27.
Rxd7 Bxc3 28. Bxc8 Bxf6 29. Nxf6+ gxf6 30. Bxa6 Rb8 31. Rd4 Nd5 32. c4 bxc4 33.
Bxc4 Rxb2 34. Bxd5 exd5 35. Rxd5 Kf7 36. a4 Ra2 37. Rd7+ Kg6 38. Ra7 h5 39. a5
Kg5 40. a6 Kh4 41. Ra8 Kh3 42. Kg1 h4 43. a7 f5 44. Rf8 Ra1+ 45. Kf2 Rxa7 46.
Rxf5 Kh2 47. Rg5 Rf7+ 48. Ke2 h3 49. Rg8 Kh1 50. Rg6 Ra7 51. Kf2 Ra2+ 52. Kf1
Kh2 53. Rg8 Rg2 54. Rh8 Rg4 55. Rh7 Rf4+ 56. Ke2 Kg3 57. Rg7+ 1/2-1/2

[Event "Wch Blitz 2nd"]
[Site "Moscow"]
[Date "2007.11.22"]
[Round "30"]
[White "Kasimdzhanov, Rustam"]
[Black "Kamsky, Gata"]
[Result "1-0"]
[WhiteElo "2690"]
[BlackElo "2714"]
[PlyCount "77"]
[EventDate "2007.11.21"]
[EventType "tourn (blitz)"]
[EventRounds "38"]
[EventCountry "RUS"]
[EventCategory "19"]
[SourceTitle "EXT 2008"]
[Source "ChessBase"]
[SourceDate "2007.11.25"]
[SourceVersion "1"]
[SourceVersionDate "2007.11.25"]
[SourceQuality "1"]

1. e4 c5 2. Nf3 e6 3. d4 cxd4 4. Nxd4 a6 5. Nc3 b5 6. Bd3 Qb6 7. Nf3 Nc6 8. O-O
Nge7 9. Re1 Ng6 10. a4 b4 11. a5 Qb8 12. Na4 Bd6 13. Nb6 Ra7 14. Be3 Rc7 15.
Nxc8 Qxc8 16. Bb6 O-O 17. Bf1 Be7 18. Qd2 Nb8 19. Bxc7 Qxc7 20. c3 Nc6 21. Red1
Rd8 22. cxb4 Bxb4 23. Qd3 Bxa5 24. Qxa6 Bb6 25. Rac1 h6 26. Bb5 Rb8 27. Bxc6
dxc6 28. Qc4 Ne5 29. Nxe5 Qxe5 30. Rc2 c5 31. g3 g5 32. Kg2 Kg7 33. Rd7 h5 34.
Qe2 g4 35. Qd3 Ba5 36. Qe3 Bb4 37. Rc1 Ra8 38. Rcd1 Qxb2 39. Qg5+ 1-0

[Event "Wch Blitz 2nd"]
[Site "Moscow"]
[Date "2007.11.22"]
[Round "31"]
[White "Kamsky, Gata"]
[Black "Savchenko, Boris"]
[Result "1-0"]
[WhiteElo "2714"]
[BlackElo "2583"]
[PlyCount "105"]
[EventDate "2007.11.21"]
[EventType "tourn (blitz)"]
[EventRounds "38"]
[EventCountry "RUS"]
[EventCategory "19"]
[SourceTitle "EXT 2008"]
[Source "ChessBase"]
[SourceDate "2007.11.25"]
[SourceVersion "1"]
[SourceVersionDate "2007.11.25"]
[SourceQuality "1"]

1. d4 Nf6 2. Nf3 d6 3. Bf4 g6 4. h3 Bg7 5. e3 O-O 6. c3 c5 7. Nbd2 cxd4 8. exd4
Nbd7 9. Be2 b6 10. O-O Bb7 11. a4 Qc7 12. a5 bxa5 13. Qa4 e5 14. dxe5 dxe5 15.
Bh2 Nb6 16. Qxa5 Rfe8 17. Nxe5 Nfd5 18. Nd3 Qd8 19. Rfe1 Nxc3 20. bxc3 Rxe2 21.
Rxe2 Qxd3 22. Rae1 Bxc3 23. Re8+ Kg7 24. Be5+ Bxe5 25. Qxe5+ Kh6 26. Rxa8 Bxa8
27. Qe3+ Qxe3 28. Rxe3 Bd5 29. Re7 Nc8 30. Rc7 Be6 31. Nf3 Nd6 32. Rxa7 Nf5 33.
Ra4 Kg7 34. Nd4 Kf6 35. Nxf5 Bxf5 36. h4 h6 37. Ra6+ Be6 38. f3 g5 39. hxg5+
hxg5 40. Kf2 Kf5 41. Ke3 Ke5 42. Ra5+ Kf6 43. Ke4 Bc8 44. Rb5 Bd7 45. Rb6+ Be6
46. g3 Kg7 47. Ke5 Bd7 48. f4 gxf4 49. gxf4 Bg4 50. f5 Be2 51. f6+ Kg6 52. Rb8
Kh7 53. Kd6 1-0

[Event "Wch Blitz 2nd"]
[Site "Moscow"]
[Date "2007.11.22"]
[Round "33"]
[White "Kramnik, Vladimir"]
[Black "Kamsky, Gata"]
[Result "1/2-1/2"]
[WhiteElo "2785"]
[BlackElo "2714"]
[PlyCount "95"]
[EventDate "2007.11.21"]
[EventType "tourn (blitz)"]
[EventRounds "38"]
[EventCountry "RUS"]
[EventCategory "19"]
[SourceTitle "EXT 2008"]
[Source "ChessBase"]
[SourceDate "2007.11.25"]
[SourceVersion "1"]
[SourceVersionDate "2007.11.25"]
[SourceQuality "1"]

1. d4 d5 2. c4 c6 3. Nf3 Nf6 4. Nc3 a6 5. cxd5 cxd5 6. Bf4 e6 7. e3 Nc6 8. Bd3
Be7 9. O-O O-O 10. Rc1 Bd7 11. Ne5 Rc8 12. Qf3 Be8 13. Qh3 Kh8 14. Bg5 g6 15.
Bh6 Rg8 16. f4 Nd7 17. Nxc6 Rxc6 18. e4 dxe4 19. Bxe4 Rb6 20. d5 Nf6 21. dxe6
Qd4+ 22. Kh1 Nxe4 23. Nxe4 Qxe4 24. exf7 Bxf7 25. Rfe1 Qb4 26. a3 Qd6 27. Rcd1
Bd5 28. f5 gxf5 29. Be3 Rxb2 30. Bd4+ Bf6 31. Bxb2 Bxb2 32. Rd2 Be5 33. Qxf5
Re8 34. Red1 Be6 35. Qh5 Qb8 36. Re2 Bc3 37. h3 Bf7 38. Qxf7 Rxe2 39. Qc4 Re1+
40. Rxe1 Bxe1 41. Qd4+ Kg8 42. Qg4+ Kh8 43. Qd4+ Kg8 44. Qg4+ Kf7 45. Qf5+ Kg8
46. Qe6+ Kg7 47. Qxe1 Qd6 48. Qc3+ 1/2-1/2

[Event "Wch Blitz 2nd"]
[Site "Moscow"]
[Date "2007.11.22"]
[Round "34"]
[White "Kamsky, Gata"]
[Black "Rublevsky, Sergei"]
[Result "1/2-1/2"]
[WhiteElo "2714"]
[BlackElo "2676"]
[PlyCount "128"]
[EventDate "2007.11.21"]
[EventType "tourn (blitz)"]
[EventRounds "38"]
[EventCountry "RUS"]
[EventCategory "19"]
[SourceTitle "EXT 2008"]
[Source "ChessBase"]
[SourceDate "2007.11.25"]
[SourceVersion "1"]
[SourceVersionDate "2007.11.25"]
[SourceQuality "1"]

1. d4 d5 2. Nf3 Nf6 3. Bf4 c5 4. e3 Nc6 5. c3 Qb6 6. Qb3 c4 7. Qc2 Bf5 8. Qc1
h6 9. h3 e6 10. Nbd2 Be7 11. Be2 O-O 12. O-O Qd8 13. Re1 b5 14. a3 a5 15. b3
Rc8 16. Qb2 Ne4 17. Nxe4 Bxe4 18. Nd2 Bg6 19. Rec1 a4 20. b4 f6 21. Re1 e5 22.
Bh2 Bd6 23. Nf1 e4 24. f3 Bxh2+ 25. Nxh2 Qd6 26. Qd2 Ne7 27. f4 Bh7 28. Rf1 g5
29. Rf2 Ng6 30. g3 gxf4 31. gxf4 Nh4 32. Kh1 Bf5 33. Bg4 Kh7 34. Rg1 Rg8 35.
Qe1 Qe6 36. Rff1 Bxg4 37. hxg4 Nf3 38. f5 Nxe1 39. fxe6 Nc2 40. Rxf6 Rgf8 41.
g5 hxg5 42. Ng4 Kg7 43. Rgf1 Rxf6 44. Rxf6 Rf8 45. e7 Re8 46. Rf5 Rxe7 47.
Rxg5+ Kf8 48. Rxd5 Rh7+ 49. Kg2 Rg7 50. Kh3 Rxg4 51. Rf5+ Kg7 52. Rf2 Nxe3 53.
Re2 Rf4 54. Rxe3 Kf6 55. Kg3 Kf5 56. d5 Rg4+ 57. Kf2 Ke5 58. Rh3 Rg5 59. Rh6
Kf4 60. Rf6+ Rf5 61. Rxf5+ Kxf5 62. Ke3 Ke5 63. d6 Kxd6 64. Kxe4 Ke6 1/2-1/2

[Event "Wch Blitz 2nd"]
[Site "Moscow"]
[Date "2007.11.22"]
[Round "35"]
[White "Bacrot, Etienne"]
[Black "Kamsky, Gata"]
[Result "0-1"]
[WhiteElo "2695"]
[BlackElo "2714"]
[PlyCount "116"]
[EventDate "2007.11.21"]
[EventType "tourn (blitz)"]
[EventRounds "38"]
[EventCountry "RUS"]
[EventCategory "19"]
[SourceTitle "EXT 2008"]
[Source "ChessBase"]
[SourceDate "2007.11.25"]
[SourceVersion "1"]
[SourceVersionDate "2007.11.25"]
[SourceQuality "1"]

1. d4 g6 2. e4 Bg7 3. c4 b6 4. Nc3 Bb7 5. Nf3 d6 6. Bd3 e6 7. Be3 Nd7 8. Qd2 h6
9. h3 Ne7 10. g4 a6 11. h4 Nf6 12. Rg1 h5 13. gxh5 Nxh5 14. Bg5 Qd7 15. a4 Nc6
16. O-O-O Nxd4 17. Nxd4 Bxd4 18. Bc2 Bg7 19. f4 b5 20. e5 bxc4 21. Ne4 Bxe4 22.
Bxe4 d5 23. Qb4 c6 24. f5 Bf8 25. Qc3 gxf5 26. Bf3 Qb7 27. Bxh5 Rxh5 28. Bf6
Qb4 29. Qxb4 Bxb4 30. Rg8+ Bf8 31. Kc2 Rc8 32. Rdg1 Kd7 33. Kc3 Rh7 34. R1g2 a5
35. Kc2 Re8 36. R2g3 d4 37. b3 Be7 38. Rxe8 Kxe8 39. Rg8+ Kd7 40. bxc4 Bxf6 41.
exf6 e5 42. Ra8 Rxh4 43. Rxa5 Rh2+ 44. Kd3 Rh3+ 45. Ke2 Ke6 46. Rc5 Kd6 47. Ra5
f4 48. Ra7 Ke6 49. a5 e4 50. Re7+ Kf5 51. Rxf7 d3+ 52. Kd2 Rh2+ 53. Kc3 Rc2+
54. Kb3 f3 55. Re7 Kxf6 56. Rxe4 Rc1 57. Re3 d2 58. Rxf3+ Ke5 0-1

[Event "Wch Blitz 2nd"]
[Site "Moscow"]
[Date "2007.11.22"]
[Round "36"]
[White "Kamsky, Gata"]
[Black "Ponomariov, Ruslan"]
[Result "1-0"]
[WhiteElo "2714"]
[BlackElo "2705"]
[PlyCount "93"]
[EventDate "2007.11.21"]
[EventType "tourn (blitz)"]
[EventRounds "38"]
[EventCountry "RUS"]
[EventCategory "19"]
[SourceTitle "EXT 2008"]
[Source "ChessBase"]
[SourceDate "2007.11.25"]
[SourceVersion "1"]
[SourceVersionDate "2007.11.25"]
[SourceQuality "1"]

1. g3 d5 2. Bg2 Nf6 3. b3 e5 4. Bb2 Nc6 5. d3 h5 6. h3 Bb4+ 7. Nd2 Be6 8. a3
Bd6 9. e3 Qe7 10. b4 O-O-O 11. b5 Nb8 12. a4 Nbd7 13. Ngf3 Kb8 14. a5 Rc8 15.
a6 b6 16. Ng5 c6 17. Nxe6 fxe6 18. bxc6 Rxc6 19. O-O Rc7 20. c4 Rhc8 21. Qe2
Bb4 22. Rfc1 Qd6 23. Nf3 e4 24. dxe4 dxe4 25. Nd4 Qe7 26. Nb5 Rc6 27. Rc2 e5
28. Ra4 Bc5 29. Nc3 R6c7 30. Nxe4 Nxe4 31. Bxe4 Nf6 32. Bg2 e4 33. Bxf6 gxf6
34. Qxh5 Rd7 35. Ra1 Rcd8 36. Qf5 Re8 37. Rcc1 Qe6 38. Qxe6 Rxe6 39. Rd1 Kc7
40. Rxd7+ Kxd7 41. Rd1+ Kc6 42. g4 b5 43. cxb5+ Kxb5 44. Bf1+ Kb4 45. Rb1+ Kc3
46. Rc1+ Kb4 47. Rc4+ 1-0

[Event "Wch Blitz 2nd"]
[Site "Moscow"]
[Date "2007.11.22"]
[Round "37"]
[White "Karpov, Anatoly"]
[Black "Kamsky, Gata"]
[Result "1/2-1/2"]
[WhiteElo "2670"]
[BlackElo "2714"]
[PlyCount "125"]
[EventDate "2007.11.21"]
[EventType "tourn (blitz)"]
[EventRounds "38"]
[EventCountry "RUS"]
[EventCategory "19"]
[SourceTitle "EXT 2008"]
[Source "ChessBase"]
[SourceDate "2007.11.25"]
[SourceVersion "1"]
[SourceVersionDate "2007.11.25"]
[SourceQuality "1"]

1. d4 d5 2. c4 c6 3. Nf3 Nf6 4. e3 Bg4 5. h3 Bxf3 6. Qxf3 e6 7. Nc3 Nbd7 8. Bd3
Bb4 9. Bd2 O-O 10. a3 Ba5 11. cxd5 exd5 12. O-O Bc7 13. b4 a6 14. a4 Nb6 15. b5
cxb5 16. axb5 a5 17. Na4 Nxa4 18. Rxa4 Re8 19. Rc1 h5 20. g3 Bd6 21. Kg2 Re7
22. Qd1 b6 23. Rc6 h4 24. gxh4 Ne4 25. Be1 Re6 26. h5 Rc8 27. Ra2 Rxc6 28. bxc6
Bc7 29. Rc2 Qd6 30. f4 Qa3 31. Qe2 f5 32. Ra2 Qe7 33. Rc2 Qe8 34. Kh2 Kh7 35.
Bh4 Rxc6 36. Rxc6 Qxc6 37. Bb5 Qe6 38. Qg2 Nd6 39. Bc6 Ne4 40. Bb5 Nc3 41. Bd3
b5 42. Qg5 Ne4 43. Qe7 Qxe7 44. Bxe7 b4 45. Bc2 Kh6 46. Bb3 Nc3 47. Bc2 Ne4 48.
Bb3 Nd2 49. Bxd5 b3 50. Ba3 a4 51. Kg2 Nb1 52. Bb4 b2 53. Ba2 Bd6 54. Bxd6 Nc3
55. Ba3 Nxa2 56. Bxb2 Nb4 57. Kf3 Kxh5 58. e4 Nc2 59. d5 a3 60. Bxg7 Kg6 61.
Bc3 a2 62. e5 a1=Q 63. Bxa1 1/2-1/2